000 00969nam a2200373Ia 4500
001 197
005 20240113233402.0
007 ta
008 050106s2000 g b000 u bod u
040 _aCotton College,Assam
041 _abod
082 _a891.494 B
_bAc 23 Ra
100 _aAcademic sub- committee , .
245 0 _aRaithai Bidang /
_cAcademic sub- committee ed..
_hTextual Documents
250 _a1st ed /
260 _aBijini(Assam) :
_bSijou Publication Board ,
_c2000.
300 _a170p. ;
_c22cm..
500 _aThish book is written in Bodo language on Bodo Poems
653 _aBodo Prose
653 _aGeneral (Bodo)
942 _2ddc
_cBK
999 _c197
_d197